El país de las cosas perdidas = (Record no. 25256)

MARC details
000 -LEADER
fixed length control field 01845cam a2200457 a 4500
001 - CONTROL NUMBER
control field sjds1061694
003 - CONTROL NUMBER IDENTIFIER
control field sjds
005 - DATE AND TIME OF LATEST TRANSACTION
control field 20210216113947.0
008 - FIXED-LENGTH DATA ELEMENTS--GENERAL INFORMATION
fixed length control field 100915t20112011txua b 000 1 eng
010 ## - LIBRARY OF CONGRESS CONTROL NUMBER
LC control number 2010033952
020 ## - INTERNATIONAL STANDARD BOOK NUMBER
International Standard Book Number 9781558856905 (alk. paper)
020 ## - INTERNATIONAL STANDARD BOOK NUMBER
International Standard Book Number 1558856900 (alk. paper)
035 ## - SYSTEM CONTROL NUMBER
System control number 454314
035 ## - SYSTEM CONTROL NUMBER
System control number (OCoLC)666573451
035 ## - SYSTEM CONTROL NUMBER
System control number 454314
040 ## - CATALOGING SOURCE
Original cataloging agency DLC
Transcribing agency DLC
Modifying agency JAG
-- IUK
-- IFA
-- UtOrBLW
041 0# - LANGUAGE CODE
Language code of text/sound track or separate title eng
-- spa
049 ## - LOCAL HOLDINGS (OCLC)
Holding library IFAA
099 ## - LOCAL FREE-TEXT CALL NUMBER (OCLC)
Classification number ESPANOL PICTURE BOOKS BURSZTYN 2011
100 1# - MAIN ENTRY--PERSONAL NAME
Personal name Bursztyn, Dina,
Relator term author.
245 13 - TITLE STATEMENT
Title El país de las cosas perdidas =
Remainder of title The land of lost things /
Statement of responsibility, etc. written and illustrated by Dina Bursztyn = escrita e ilustrado por Dina Bursztyn.
246 31 - VARYING FORM OF TITLE
Title proper/short title País de las cosas perdidas
246 31 - VARYING FORM OF TITLE
Title proper/short title Land of lost things
260 ## - PUBLICATION, DISTRIBUTION, ETC. (IMPRINT)
Place of publication, distribution, etc. Houston, TX :
Name of publisher, distributor, etc. Pinata Books/Arte Publico Press,
Date of publication, distribution, etc. c2011
264 #1 - PRODUCTION, PUBLICATION, DISTRIBUTION, MANUFACTURE, AND COPYRIGHT NOTICE
Place of production, publication, distribution, manufacture Houston, TX :
Name of producer, publisher, distributor, manufacturer Pinata Books/Arte Publico Press,
Date of production, publication, distribution, manufacture, or copyright notice [2011]
264 #4 - PRODUCTION, PUBLICATION, DISTRIBUTION, MANUFACTURE, AND COPYRIGHT NOTICE
Date of production, publication, distribution, manufacture, or copyright notice c2011
300 ## - PHYSICAL DESCRIPTION
Extent 1 volume (unpaged) :
Other physical details color illustrations ;
Dimensions 29 cm
336 ## - CONTENT TYPE
Content type term text
Content type code txt
Source rdacontent
337 ## - MEDIA TYPE
Media type term unmediated
Media type code n
Source rdamedia
338 ## - CARRIER TYPE
Carrier type term volume
Carrier type code nc
Source rdacarrier
520 ## - SUMMARY, ETC.
Summary, etc. When he looks for his missing blue pencil, a boy enters a strange new world which contains some very familiar objects.
520 ## - SUMMARY, ETC.
Summary, etc. Cuando busca su lapiz azul que se le perdio, un muchacho se encuentra en un nuevo lugar extrano donde hay cosas bien conocidas.
521 8# - TARGET AUDIENCE NOTE
Target audience note AD 430
Source Lexile
526 0# - STUDY PROGRAM INFORMATION NOTE
Program name Accelerated Reader
Interest level LG
Reading level 2.1
Title point value 0.5
Public note 143498
546 ## - LANGUAGE NOTE
Language note English and Spanish.
650 #0 - SUBJECT ADDED ENTRY--TOPICAL TERM
Topical term or geographic name as entry element Lost and found possessions
Form subdivision Juvenile fiction.
650 #0 - SUBJECT ADDED ENTRY--TOPICAL TERM
Topical term or geographic name as entry element Spanish language materials
General subdivision Bilingual
Form subdivision Juvenile literature.
650 #7 - SUBJECT ADDED ENTRY--TOPICAL TERM
Topical term or geographic name as entry element Objetos perdidos
Form subdivision Novela juvenil.
Source of heading or term bidex
650 #7 - SUBJECT ADDED ENTRY--TOPICAL TERM
Topical term or geographic name as entry element Materiales bilingues en español
Form subdivision Literatura juvenil.
Source of heading or term bidex
942 ## - ADDED ENTRY ELEMENTS (KOHA)
Koha item type Libro/Book
Source of classification or shelving scheme Dewey Decimal Classification
Holdings
Withdrawn status Lost status Damaged status Not for loan Home library Current library Date acquired Inventory number Total Checkouts Barcode Date last seen Date checked out Price effective from Koha item type
        Capulin -- Satellite Capulin -- Satellite 24/07/2015 Inventory date: 7/7/25 4 35100156 28/11/2016 11/11/2016 24/07/2015 Libro/Book

Powered by Koha